La visión /

Guardado en:
Autor Principal: Nuel, J. P.
Formato: Libro
Publicado: Madrid : Eclipse, 1905
Materias:
Etiquetas: Agregar Etiqueta
Sin Etiquetas, Sea el primero en etiquetar este registro!
LEADER 00621nam a22001695a 4500
001 CEM.cems004697
005 20060217000000.0
008 130507s1905##################000#0#####d
003 CEMS
082 0 4 |a 591.18 
100 1 |a Nuel, J. P. 
245 1 0 |a La visión / 
260 |a Madrid :  |b Eclipse,  |c 1905 
300 |a 404 p. 
505 0 |a Principales enfermedades;introducción,generalidades.-Profilaxis,inmunidad, medicamentos.-Enfermedades de virus.-Bacterianas.-Parasitarias.-Por carencia(Avitaminosas).-Otras enfermedades.-Accidentes.-Vicios.- 
653 |a Zoologia 
859 |a CEMS  |b BIB. CEMS - 11 de abril  |h 591.18  |i N888  |p 9830.81  |t Ej.1